| 000 | 01148cam a2200265 4500 | ||
|---|---|---|---|
| 001 | WB3809-04 | ||
| 008 | 020306n2002 000 0 eng u | ||
| 035 | _a(Sirsi) u117033 | ||
| 245 | _aSelf-certification schemes | ||
| 260 | _c2002 | ||
| 490 |
_aDTLR News Release _v(2002/0083) 5 March 2002 (2) |
||
| 520 | _aA new scheme to promote competence, cut red tape and help consumers identify reputable glazing firms was one of four new self-certification schemes approved by government today. From 1 April people wishing to replace their windows will have to get building control approval either from their local authority or through a new scheme called FENSA (Fenestration Self-Assessment Scheme). Includes contact details for all four new schemes. http://www.press.dtlr.gov.uk/pns/DisplayPN.cgi?pn_id=2002_0083 | ||
| 590 | _aWB | ||
| 650 | _aDTLR | ||
| 650 | _aSELF-CERTIFICATION | ||
| 650 |
_aBUILDING REGULATIONS _96224 |
||
| 650 | _aLOCAL AUTHORITIES | ||
| 650 | _aFENESTRATION | ||
| 650 | _aOFTEC | ||
| 650 | _aHETAS | ||
| 650 | _aFENSA | ||
| 650 | _aGLAZING | ||
| 690 | _aBUILDING AND CONSTRUCTION-REGULATIONS | ||
| 942 | _n0 | ||
| 999 |
_c69722 _d69722 |
||